Violent children
| Other Authors: | |
|---|---|
| Format: | Book |
| Published: |
San Diego :
Greenhaven Press,Inc ,
2000
|
| Subjects: |
MARC
| LEADER | 00000cam a2200000 7i4500 | ||
|---|---|---|---|
| 001 | 0000039708 | ||
| 005 | 20000918.0 | ||
| 020 | |a 0737701587 | ||
| 090 | 0 | 0 | |a 303.6083 |b VIO |
| 245 | 0 | 0 | |a Violent children |c Bryan J. Grapes |
| 260 | |a San Diego : |b Greenhaven Press,Inc , |c 2000 | ||
| 300 | |a 79p. ; |c 23cm. | ||
| 650 | 0 | 0 | |a Children and violence |
| 700 | 1 | |a Grapes, Bryan J. | |
| 999 | |a 097972 |b BUKU |c PINJAMAN |e PERPUSTAKAAN KOMUNITI PETALING JAYA | ||